A Competitive Book Of Agriculture (Record no. 145)
[ view plain ]
| 000 -LEADER | |
|---|---|
| fixed length control field | 00305nam a22001337a 4500 |
| 020 ## - INTERNATIONAL STANDARD BOOK NUMBER | |
| International Standard Book Number | 978-81-937669-1-0 |
| 041 ## - LANGUAGE CODE | |
| Language code of text/sound track or separate title | ENG |
| 100 ## - MAIN ENTRY--PERSONAL NAME | |
| Personal name | Sunda Raj |
| 245 ## - TITLE STATEMENT | |
| Title | A Competitive Book Of Agriculture |
| 260 ## - PUBLICATION, DISTRIBUTION, ETC. (IMPRINT) | |
| Place of publication, distribution, etc | Jaipur |
| Name of publisher, distributor, etc | Surahee PUb |
| Date of publication, distribution, etc | 2019 |
| 300 ## - PHYSICAL DESCRIPTION | |
| Extent | 412 |
| 650 ## - SUBJECT ADDED ENTRY--TOPICAL TERM | |
| Topical term or geographic name as entry element | Banking |
| 856 ## - ELECTRONIC LOCATION AND ACCESS | |
| Uniform Resource Identifier | Competitive Exam |
| Withdrawn status | Lost status | Source of classification or shelving scheme | Damaged status | Not for loan | Home library | Current library | Date acquired | Cost, normal purchase price | Total Checkouts | Barcode | Date last seen | Date checked out | Price effective from | Koha item type |
|---|---|---|---|---|---|---|---|---|---|---|---|---|---|---|
| Dewey Decimal Classification | College of Agricultural Engineering and Technology, Dapoli , Library | College of Agricultural Engineering and Technology, Dapoli , Library | 13/01/2021 | 325.00 | 13 | 007705 | 31/05/2024 | 24/05/2024 | 13/01/2021 | Books | ||||
| Dewey Decimal Classification | College of Agricultural Engineering and Technology, Dapoli , Library | College of Agricultural Engineering and Technology, Dapoli , Library | 13/01/2021 | 325.00 | 10 | 007706 | 11/03/2025 | 04/03/2025 | 13/01/2021 | Books |